00000000nam##2200000za#4500
0019.660028
003CaOODSP
00520200330101913
007ta
008150407|1998||||xxc|||||     f|0| 0 fre|d
020 |a0-662-63466-7
040 |aCaOODSP|bfre
041 |aeng
041 |afre
043 |an-cn---
0861 |aSW21-26/1998
1101 |aCanada. |bCondition féminine Canada.
24510|aImmigration et intégration tenant compte des rapports sociaux entre les sexes : |bactes de l'atelier sur la recherche en matière de politiques et analyse sélective de la documentation sur la recherche en matière de politiques 1987-1996
260 |aOttawa - Ontario : |bCondition féminine Canada |c1998.
500 |aDonnées de catalogage avant publication (Canada) imprimées dans cette publication.
504 |aBibliographie.
546 |aBilingue
563 |aCouverture souple
590 |a98-14|b1998-04-03
69107|aPolitique d'immigration|2gcpds
69107|aAcculturation|2gcpds
69107|aCongrès|2gcpds
7760#|tImmigration et intégration tenant compte des rapports sociaux entre les sexes : |w(CaOODSP)9.632897
7760#|tGendering immigration/integration : |w(CaOODSP)9.688472
791 |tGendering immigration/integration : |eeng|w(CaOODSP)9.660027